000 00935nam a22002177a 4500
003 OSt
005 20250911165031.0
008 240222b ||||| |||| 00| 0 eng d
040 _c0
082 _aDPer 621.317 Ie21 May 2022 v. 37 n. 5
100 _aRezayati, Mohsen.
_eauthor.
_953029
245 _aGeneralized state-plane analysis of bidirectional CLLC resonant converter /
_cMohsen Rezayati, Farzad Tahami, Jean-Luc Schanen, and Benoit Sarrazin.
260 _aNew York ;
_bThe Institute of Electrical and Electronics Engineers, Inc. ,
_cMay 2022.
300 _aVolume 37, pages 5773-5785 :
_b illustration ;
_c28 cm.
500 _aIEEE Transactions on Power Electronics, vol. 37, no. 5, pages 5773-5785, May 2022.
700 _aRezayati, Mohsen.
_eauthor.
_953029
700 _aTahami, Farzad.
_eauthor.
_953030
700 _aSchanen, Jean-Luc.
_eauthor.
_953031
700 _aSarrazin, Benoit.
_eauthor.
_953032
942 _2ddc
_cPER
999 _c19288
_d19288